| 000 | 01080cab a2200205 4500 | ||
|---|---|---|---|
| 001 | L135873 | ||
| 008 | 061213n2006 000 0 eng u | ||
| 035 | _a(Sirsi) u135873 | ||
| 041 | 0 | _aeng | |
| 245 | 0 | 0 | _aProperty focus |
| 260 | _c2006 | ||
| 490 | 0 |
_aSolicitors' Journal Focus _v150(46) 01 December 2006, 1-12(7) |
|
| 520 | _aLooks at the Regulatory Reform [Fire Safety] Order 2005 and argues that it could lead to almost every serious fire resulting in a prosecution or civil action; covers the scaled down version of HiPs and asks whether they will be any use to the prospective home-buyer; discusses defective title indemnity insurance and examines the circumstances in which it may be required including a consideration of the issues a solicitor should be aware of when acquiring a property that has insurance; and explains the EU law on energy-efficient builds. | ||
| 590 | _aKA | ||
| 650 | 2 | 4 | _aREGULATORY REFORM (FIRE SAFETY) ORDER 2005 |
| 650 | 2 | 4 | _aHOME INFORMATION PACKS |
| 650 | 2 | 4 | _aCONSUMER PROTECTION |
| 690 |
_aBuilding regulations _96224 |
||
| 942 | _n0 | ||
| 999 |
_c78057 _d78057 |
||